00600nam a2200193 a 450000100060000000300090000600800410001502000080005602000150006404000280007908200090010710000180011624500740013426000500020830000080025849000270026665000520029365000610034513707CO-ViMGA141112s2004 ck r 000 u spa d a100 a9589037615 aCO-ViMGAbspacCO-ViMGA04aLOZf1 aLozano, Pilar10aFrancisco Javier Cisneros : bel que comunico con rieles las comarcas aSantafé de Bogotá : bColciencias, c1998 a100 aJuvenil de Colciencias14aCISNEROS, FRANCISCO JAVIER - LITERATURA JUVENIL14aFERROCARRILES - HISTORIA - COLOMBIA - LITERATURA JUVENIL